[Event "Chessable Masters - Torneo preliminare"]
[White "Hammer, Jon Ludvig"]
[Black "Wagner, Dennis"]
[WhiteFideId "1503707"]
[BlackFideId "24650684"]
[WhiteElo "2647"]
[BlackElo "2456"]
[Result "1/2-1/2"]
[Round "1"]
[TimeControl "600+2"]
[Date "2023.03.13"]
[WhiteClock "0:01:12"]
[BlackClock "0:01:13"]

1. d4 {[%clk 0:09:54]}  Nf6 {[%clk 0:10:00]} 2. c4 {[%clk 0:09:53]}  e6 {[%clk 0:09:59]} 3. Nc3 {[%clk 0:09:48]}  Bb4 {[%clk 0:09:58]} 4. e3 {[%clk 0:09:47]}  O-O {[%clk 0:09:58]} 5. Bd3 {[%clk 0:09:47]}  d5 {[%clk 0:09:08]} 6. Ne2 {[%clk 0:09:47]}  dxc4 {[%clk 0:08:20]} 7. Bxc4 {[%clk 0:09:49]}  a6 {[%clk 0:08:21]} 8. a3 {[%clk 0:08:54]}  Be7 {[%clk 0:08:21]} 9. e4 {[%clk 0:08:50]}  c5 {[%clk 0:07:41]} 10. e5 {[%clk 0:07:54]}  Nfd7 {[%clk 0:07:37]} 11. f4 {[%clk 0:07:52]}  b5 {[%clk 0:07:27]} 12. Ba2 {[%clk 0:07:46]}  cxd4 {[%clk 0:07:14]} 13. Nxd4 {[%clk 0:07:46]}  Bb7 {[%clk 0:07:10]} 14. O-O {[%clk 0:07:12]}  Nc6 {[%clk 0:06:22]} 15. Nxe6 {[%clk 0:06:30]}  fxe6 {[%clk 0:05:54]} 16. Bxe6+ {[%clk 0:06:31]}  Kh8 {[%clk 0:05:56]} 17. Bxd7 {[%clk 0:06:28]}  Bc5+ {[%clk 0:05:36]} 18. Kh1 {[%clk 0:06:17]}  Nxe5 {[%clk 0:05:37]} 19. fxe5 {[%clk 0:04:02]}  Qxd7 {[%clk 0:05:32]} 20. Bf4 {[%clk 0:03:07]}  Qe6 {[%clk 0:05:09]} 21. Qe2 {[%clk 0:03:06]}  Bd4 {[%clk 0:04:19]} 22. Rad1 {[%clk 0:02:51]}  Bxc3 {[%clk 0:03:32]} 23. bxc3 {[%clk 0:02:53]}  Rad8 {[%clk 0:03:33]} 24. Rxd8 {[%clk 0:02:28]}  Rxd8 {[%clk 0:03:35]} 25. Kg1 {[%clk 0:02:11]}  h6 {[%clk 0:03:36]} 26. h3 {[%clk 0:02:07]}  Rc8 {[%clk 0:03:22]} 27. Qd3 {[%clk 0:01:34]}  Qc6 {[%clk 0:03:11]} 28. Rf2 {[%clk 0:01:12]}  Qe8 {[%clk 0:02:31]} 29. Be3 {[%clk 0:00:53]}  Qxe5 {[%clk 0:01:56]} 30. Bd4 {[%clk 0:00:54]}  Qg5 {[%clk 0:01:58]} 31. Qe2 {[%clk 0:00:42]}  Bd5 {[%clk 0:01:49]} 32. Kh2 {[%clk 0:00:23]}  Kg8 {[%clk 0:01:37]} 33. a4 {[%clk 0:00:18]}  bxa4 {[%clk 0:01:27]} 34. Qxa6 {[%clk 0:00:17]}  Ra8 {[%clk 0:01:28]} 35. Qd6 {[%clk 0:00:10]}  a3 {[%clk 0:01:23]} 36. c4 {[%clk 0:00:07]}  Bxc4 {[%clk 0:01:20]} 37. Rf3 {[%clk 0:00:05]}  Rd8 {[%clk 0:00:55]} 38. Qb6 {[%clk 0:00:03]}  Rd7 {[%clk 0:00:32]} 39. Rg3 {[%clk 0:00:04]}  Qf4 {[%clk 0:00:33]} 40. Bc3 {[%clk 0:00:02]}  Rd3 {[%clk 0:00:27]} 41. Qg6 {[%clk 0:00:03]}  Qxg3+ {[%clk 0:00:17]} 42. Qxg3 {[%clk 0:00:05]}  Rxg3 {[%clk 0:00:17]} 43. Kxg3 {[%clk 0:00:07]}  Kf7 {[%clk 0:00:16]} 44. h4 {[%clk 0:00:07]}  a2 {[%clk 0:00:16]} 45. Kf4 {[%clk 0:00:08]}  g6 {[%clk 0:00:11]} 46. g3 {[%clk 0:00:08]}  Ke6 {[%clk 0:00:12]} 47. Ba1 {[%clk 0:00:09]}  Kd5 {[%clk 0:00:13]} 48. Ke3 {[%clk 0:00:08]}  Bb5 {[%clk 0:00:14]} 49. Bg7 {[%clk 0:00:08]}  Kc4 {[%clk 0:00:13]} 50. Kd2 {[%clk 0:00:09]}  Kb3 {[%clk 0:00:14]} 51. Ba1 {[%clk 0:00:10]}  Bd7 {[%clk 0:00:15]} 52. Bg7 {[%clk 0:00:10]}  Bf5 {[%clk 0:00:16]} 53. Ba1 {[%clk 0:00:10]}  Kc4 {[%clk 0:00:17]} 54. Bb2 {[%clk 0:00:11]}  Kd5 {[%clk 0:00:17]} 55. Ke3 {[%clk 0:00:12]}  Kc5 {[%clk 0:00:18]} 56. Ba1 {[%clk 0:00:13]}  Kc4 {[%clk 0:00:19]} 57. Kd2 {[%clk 0:00:14]}  Kb4 {[%clk 0:00:18]} 58. Bg7 {[%clk 0:00:14]}  Kb5 {[%clk 0:00:18]} 59. Ba1 {[%clk 0:00:15]}  Kc6 {[%clk 0:00:20]} 60. Bb2 {[%clk 0:00:15]}  Kc5 {[%clk 0:00:20]} 61. Ba1 {[%clk 0:00:16]}  Kd5 {[%clk 0:00:21]} 62. Ke3 {[%clk 0:00:17]}  Ke6 {[%clk 0:00:22]} 63. Kf4 {[%clk 0:00:16]}  Bb1 {[%clk 0:00:23]} 64. Bb2 {[%clk 0:00:17]}  Kd5 {[%clk 0:00:24]} 65. Ke3 {[%clk 0:00:18]}  g5 {[%clk 0:00:25]} 66. hxg5 {[%clk 0:00:18]}  hxg5 {[%clk 0:00:27]} 67. Ba1 {[%clk 0:00:19]}  Ke6 {[%clk 0:00:27]} 68. Bb2 {[%clk 0:00:19]}  Kf5 {[%clk 0:00:29]} 69. Ba1 {[%clk 0:00:20]}  Kg4 {[%clk 0:00:30]} 70. Kf2 {[%clk 0:00:22]}  Kh3 {[%clk 0:00:31]} 71. Bb2 {[%clk 0:00:22]}  Bf5 {[%clk 0:00:33]} 72. Ba1 {[%clk 0:00:24]}  Kh2 {[%clk 0:00:33]} 73. Bb2 {[%clk 0:00:25]}  Bg4 {[%clk 0:00:34]} 74. Be5 {[%clk 0:00:26]}  Kh3 {[%clk 0:00:35]} 75. Bf6 {[%clk 0:00:26]}  Bd1 {[%clk 0:00:36]} 76. Ba1 {[%clk 0:00:26]}  Kg4 {[%clk 0:00:37]} 77. Bb2 {[%clk 0:00:28]}  Kf5 {[%clk 0:00:38]} 78. Ke3 {[%clk 0:00:28]}  Ke6 {[%clk 0:00:38]} 79. Ba1 {[%clk 0:00:29]}  Bh5 {[%clk 0:00:39]} 80. Bb2 {[%clk 0:00:30]}  Kd5 {[%clk 0:00:41]} 81. Ba1 {[%clk 0:00:31]}  Kc4 {[%clk 0:00:42]} 82. Kd2 {[%clk 0:00:31]}  Be8 {[%clk 0:00:42]} 83. Bb2 {[%clk 0:00:32]}  Bd7 {[%clk 0:00:40]} 84. Ba1 {[%clk 0:00:33]}  Kd5 {[%clk 0:00:42]} 85. Ke3 {[%clk 0:00:34]}  Kc4 {[%clk 0:00:40]} 86. Kd2 {[%clk 0:00:35]}  Kb3 {[%clk 0:00:41]} 87. Bf6 {[%clk 0:00:34]}  Bf5 {[%clk 0:00:42]} 88. Ba1 {[%clk 0:00:35]}  Be4 {[%clk 0:00:42]} 89. Bf6 {[%clk 0:00:35]}  Bb1 {[%clk 0:00:43]} 90. Ba1 {[%clk 0:00:36]}  Kc4 {[%clk 0:00:45]} 91. Bh8 {[%clk 0:00:35]}  Kd5 {[%clk 0:00:46]} 92. Ke3 {[%clk 0:00:36]}  Kc4 {[%clk 0:00:45]} 93. Kd2 {[%clk 0:00:36]}  Kd5 {[%clk 0:00:46]} 94. Ke3 {[%clk 0:00:37]}  a1=Q {[%clk 0:00:48]} 95. Bxa1 {[%clk 0:00:37]}  g4 {[%clk 0:00:49]} 96. Kf4 {[%clk 0:00:37]}  Ke6 {[%clk 0:00:47]} 97. Kxg4 {[%clk 0:00:38]}  Kf7 {[%clk 0:00:49]} 98. Kf4 {[%clk 0:00:40]}  Kg6 {[%clk 0:00:50]} 99. g4 {[%clk 0:00:42]}  Ba2 {[%clk 0:00:51]} 100. g5 {[%clk 0:00:44]}  Be6 {[%clk 0:00:53]} 101. Be5 {[%clk 0:00:46]}  Bf5 {[%clk 0:00:54]} 102. Bf6 {[%clk 0:00:47]}  Be6 {[%clk 0:00:55]} 103. Be5 {[%clk 0:00:49]}  Bf5 {[%clk 0:00:57]} 104. Bd4 {[%clk 0:00:51]}  Be6 {[%clk 0:00:59]} 105. Bc3 {[%clk 0:00:53]}  Bf5 {[%clk 0:01:00]} 106. Bb2 {[%clk 0:00:55]}  Be6 {[%clk 0:01:02]} 107. Bf6 {[%clk 0:00:57]}  Bf5 {[%clk 0:01:03]} 108. Be5 {[%clk 0:00:59]}  Be6 {[%clk 0:01:05]} 109. Bc3 {[%clk 0:01:01]}  Bf5 {[%clk 0:01:06]} 110. Be1 {[%clk 0:01:03]}  Be6 {[%clk 0:01:08]} 111. Bf2 {[%clk 0:01:04]}  Bf5 {[%clk 0:01:09]} 112. Bd4 {[%clk 0:01:06]}  Be6 {[%clk 0:01:10]} 113. Bf6 {[%clk 0:01:08]}  Bf5 {[%clk 0:01:12]} 114. Be5 {[%clk 0:01:10]}  Be6 {[%clk 0:01:13]} 115. Bf6 {[%clk 0:01:12]} 1/2-1/2


[Site "Internet"]

[Event "Chessable Masters - Torneo preliminare"]
[White "Haub, Thorsten Michael"]
[Black "Durarbayli, Vasif"]
[WhiteFideId "4610776"]
[BlackFideId "13402935"]
[WhiteElo "2456"]
[BlackElo "2531"]
[Result "1/2-1/2"]
[Round "1"]
[TimeControl "600+2"]
[Date "2023.03.13"]
[WhiteClock "0:00:55"]
[BlackClock "0:00:13"]

1. Nf3 {[%clk 0:09:59]}  c5 {[%clk 0:09:23]} 2. g3 {[%clk 0:09:59]}  b6 {[%clk 0:09:18]} 3. Bg2 {[%clk 0:09:58]}  Bb7 {[%clk 0:09:20]} 4. O-O {[%clk 0:09:56]}  Nf6 {[%clk 0:09:20]} 5. d3 {[%clk 0:09:56]}  e6 {[%clk 0:09:19]} 6. Nbd2 {[%clk 0:09:56]}  Be7 {[%clk 0:09:19]} 7. e4 {[%clk 0:09:55]}  d6 {[%clk 0:09:20]} 8. a4 {[%clk 0:09:31]}  a6 {[%clk 0:08:55]} 9. Ne1 {[%clk 0:08:59]}  Qc7 {[%clk 0:08:50]} 10. f4 {[%clk 0:08:59]}  Nc6 {[%clk 0:07:56]} 11. c3 {[%clk 0:08:36]}  h6 {[%clk 0:07:41]} 12. Nc2 {[%clk 0:08:23]}  d5 {[%clk 0:06:51]} 13. e5 {[%clk 0:08:00]}  Nd7 {[%clk 0:06:51]} 14. h3 {[%clk 0:07:28]}  g5 {[%clk 0:06:28]} 15. d4 {[%clk 0:07:15]}  gxf4 {[%clk 0:06:28]} 16. Rxf4 {[%clk 0:06:41]}  Rg8 {[%clk 0:05:48]} 17. Nf1 {[%clk 0:06:31]}  Rg7 {[%clk 0:04:50]} 18. Rf2 {[%clk 0:06:23]}  Bg5 {[%clk 0:04:14]} 19. Bxg5 {[%clk 0:06:16]}  Rxg5 {[%clk 0:03:21]} 20. Nce3 {[%clk 0:06:00]}  Ne7 {[%clk 0:02:56]} 21. b4 {[%clk 0:04:39]}  cxd4 {[%clk 0:02:25]} 22. cxd4 {[%clk 0:04:38]}  Rc8 {[%clk 0:02:26]} 23. Rc2 {[%clk 0:04:34]}  Qd8 {[%clk 0:02:23]} 24. Rac1 {[%clk 0:04:17]}  Rxc2 {[%clk 0:01:56]} 25. Qxc2 {[%clk 0:03:56]}  Nc6 {[%clk 0:01:49]} 26. Qd2 {[%clk 0:03:49]}  b5 {[%clk 0:01:43]} 27. a5 {[%clk 0:03:35]}  Qe7 {[%clk 0:01:38]} 28. Nc2 {[%clk 0:03:21]}  f6 {[%clk 0:01:27]} 29. exf6 {[%clk 0:03:08]}  Nxf6 {[%clk 0:01:28]} 30. Re1 {[%clk 0:03:02]}  Kd7 {[%clk 0:01:25]} 31. h4 {[%clk 0:02:52]}  Rg6 {[%clk 0:01:21]} 32. Bh3 {[%clk 0:02:48]}  Ne4 {[%clk 0:01:11]} 33. Rxe4 {[%clk 0:02:31]}  dxe4 {[%clk 0:01:13]} 34. d5 {[%clk 0:02:32]}  Ne5 {[%clk 0:01:11]} 35. dxe6+ {[%clk 0:02:22]}  Ke8 {[%clk 0:01:02]} 36. Qf4 {[%clk 0:01:54]}  Qf6 {[%clk 0:00:53]} 37. Qxf6 {[%clk 0:01:43]}  Rxf6 {[%clk 0:00:55]} 38. Nfe3 {[%clk 0:01:44]}  Bc8 {[%clk 0:00:33]} 39. Nd5 {[%clk 0:01:37]}  Rf3 {[%clk 0:00:30]} 40. Kg2 {[%clk 0:01:33]}  Nc4 {[%clk 0:00:20]} 41. Bg4 {[%clk 0:01:23]}  Bxe6 {[%clk 0:00:11]} 42. Bxe6 {[%clk 0:01:23]}  Rd3 {[%clk 0:00:13]} 43. Ne1 {[%clk 0:01:19]}  Rxd5 {[%clk 0:00:06]} 44. Bxd5 {[%clk 0:01:14]}  Ne3+ {[%clk 0:00:07]} 45. Kf2 {[%clk 0:01:11]}  Nxd5 {[%clk 0:00:09]} 46. Nc2 {[%clk 0:01:12]}  h5 {[%clk 0:00:09]} 47. g4 {[%clk 0:01:10]}  hxg4 {[%clk 0:00:09]} 48. Kg3 {[%clk 0:01:11]}  e3 {[%clk 0:00:07]} 49. Kxg4 {[%clk 0:01:05]}  e2 {[%clk 0:00:09]} 50. Kf3 {[%clk 0:01:00]}  Nxb4 {[%clk 0:00:10]} 51. Ne1 {[%clk 0:01:00]}  Nc6 {[%clk 0:00:12]} 52. Kxe2 {[%clk 0:01:01]}  Nxa5 {[%clk 0:00:14]} 53. Kd3 {[%clk 0:01:02]}  Nc6 {[%clk 0:00:14]} 54. Nc2 {[%clk 0:00:59]}  Kf7 {[%clk 0:00:15]} 55. Ke4 {[%clk 0:00:59]}  Ke6 {[%clk 0:00:14]} 56. h5 {[%clk 0:00:59]}  a5 {[%clk 0:00:14]} 57. h6 {[%clk 0:00:58]}  Kf6 {[%clk 0:00:15]} 58. Ne3 {[%clk 0:00:55]}  Kg6 {[%clk 0:00:14]} 59. Kd5 {[%clk 0:00:56]}  Na7 {[%clk 0:00:09]} 60. Kc5 {[%clk 0:00:56]}  b4 {[%clk 0:00:11]} 61. Nc4 {[%clk 0:00:49]}  b3 {[%clk 0:00:10]} 62. Kb6 {[%clk 0:00:50]}  a4 {[%clk 0:00:07]} 63. Kxa7 {[%clk 0:00:50]}  Kxh6 {[%clk 0:00:08]} 64. Na3 {[%clk 0:00:51]}  Kg5 {[%clk 0:00:09]} 65. Kb6 {[%clk 0:00:52]}  Kf4 {[%clk 0:00:10]} 66. Kb5 {[%clk 0:00:53]}  Ke3 {[%clk 0:00:12]} 67. Kxa4 {[%clk 0:00:54]}  Kd3 {[%clk 0:00:13]} 68. Kxb3 {[%clk 0:00:55]} 1/2-1/2


[Site "Internet"]

[Event "Chessable Masters - Torneo preliminare"]
[White "Chigaev, Maksim"]
[Black "Kaufman, Lawrence"]
[WhiteFideId "4108116"]
[BlackFideId "2000555"]
[WhiteElo "2568"]
[BlackElo "2240"]
[Result "1-0"]
[Round "1"]
[TimeControl "600+2"]
[Date "2023.03.13"]
[WhiteClock "0:06:47"]
[BlackClock "0:00:34"]

1. e4 {[%clk 0:09:58]}  e5 {[%clk 0:10:00]} 2. Nf3 {[%clk 0:09:59]}  Nf6 {[%clk 0:09:53]} 3. d4 {[%clk 0:09:51]}  Nxe4 {[%clk 0:09:50]} 4. dxe5 {[%clk 0:09:51]}  d5 {[%clk 0:09:11]} 5. Nbd2 {[%clk 0:09:51]}  Nc5 {[%clk 0:08:20]} 6. Be2 {[%clk 0:09:48]}  Be7 {[%clk 0:08:14]} 7. O-O {[%clk 0:09:49]}  O-O {[%clk 0:08:01]} 8. Re1 {[%clk 0:09:49]}  Re8 {[%clk 0:07:09]} 9. Nf1 {[%clk 0:09:38]}  c6 {[%clk 0:06:52]} 10. Ng3 {[%clk 0:09:36]}  Nba6 {[%clk 0:05:45]} 11. Nd4 {[%clk 0:09:24]}  Bf8 {[%clk 0:05:33]} 12. Bf1 {[%clk 0:09:20]}  Nc7 {[%clk 0:05:24]} 13. c3 {[%clk 0:09:13]}  g6 {[%clk 0:05:16]} 14. Bf4 {[%clk 0:08:47]}  N5e6 {[%clk 0:05:01]} 15. Be3 {[%clk 0:08:42]}  Nxd4 {[%clk 0:04:24]} 16. cxd4 {[%clk 0:08:38]}  Ne6 {[%clk 0:04:19]} 17. a3 {[%clk 0:08:32]}  a5 {[%clk 0:03:42]} 18. Ne2 {[%clk 0:08:25]}  Ng7 {[%clk 0:03:23]} 19. Qd2 {[%clk 0:08:21]}  Nf5 {[%clk 0:03:22]} 20. Bg5 {[%clk 0:08:21]}  Be7 {[%clk 0:03:00]} 21. Bxe7 {[%clk 0:08:20]}  Qxe7 {[%clk 0:02:59]} 22. Nc3 {[%clk 0:08:17]}  Be6 {[%clk 0:02:40]} 23. g3 {[%clk 0:08:08]}  h5 {[%clk 0:02:33]} 24. Na4 {[%clk 0:08:02]}  Qd8 {[%clk 0:02:12]} 25. Rac1 {[%clk 0:08:00]}  Bd7 {[%clk 0:01:47]} 26. Nc5 {[%clk 0:07:42]}  b6 {[%clk 0:01:32]} 27. Nxd7 {[%clk 0:07:43]}  Qxd7 {[%clk 0:01:31]} 28. Bh3 {[%clk 0:07:45]}  Rec8 {[%clk 0:00:56]} 29. Qg5 {[%clk 0:07:09]}  c5 {[%clk 0:00:52]} 30. e6 {[%clk 0:07:05]}  fxe6 {[%clk 0:00:45]} 31. Qxg6+ {[%clk 0:06:50]}  Kf8 {[%clk 0:00:34]} 32. Rxe6 {[%clk 0:06:47]} 1-0


[Site "Internet"]

[Event "Chessable Masters - Torneo preliminare"]
[White "Huschenbeth, Niclas"]
[Black "Alekseenko, Kirill"]
[WhiteFideId "24604747"]
[BlackFideId "4135539"]
[WhiteElo "2566"]
[BlackElo "2632"]
[Result "0-1"]
[Round "1"]
[TimeControl "600+2"]
[Date "2023.03.13"]
[WhiteClock "0:00:02"]
[BlackClock "0:00:40"]

1. e4 {[%clk 0:09:57]}  e5 {[%clk 0:09:59]} 2. Nf3 {[%clk 0:09:56]}  Nc6 {[%clk 0:10:00]} 3. Bb5 {[%clk 0:09:48]}  a6 {[%clk 0:10:01]} 4. Ba4 {[%clk 0:09:49]}  d6 {[%clk 0:10:01]} 5. Bxc6+ {[%clk 0:09:41]}  bxc6 {[%clk 0:10:02]} 6. d4 {[%clk 0:09:42]}  f6 {[%clk 0:09:52]} 7. Nc3 {[%clk 0:09:15]}  Ne7 {[%clk 0:09:49]} 8. Be3 {[%clk 0:09:09]}  Ng6 {[%clk 0:09:46]} 9. Qd2 {[%clk 0:08:54]}  Be7 {[%clk 0:08:48]} 10. O-O-O {[%clk 0:08:48]}  Be6 {[%clk 0:08:05]} 11. Kb1 {[%clk 0:08:43]}  Qd7 {[%clk 0:07:59]} 12. h3 {[%clk 0:08:19]}  Rb8 {[%clk 0:07:33]} 13. b3 {[%clk 0:07:10]}  h5 {[%clk 0:06:43]} 14. dxe5 {[%clk 0:07:03]}  fxe5 {[%clk 0:05:18]} 15. Ng5 {[%clk 0:06:51]}  Bxg5 {[%clk 0:05:00]} 16. Bxg5 {[%clk 0:06:52]}  O-O {[%clk 0:04:56]} 17. Qe2 {[%clk 0:05:56]}  Nf4 {[%clk 0:04:55]} 18. Bxf4 {[%clk 0:05:38]}  Rxf4 {[%clk 0:04:57]} 19. f3 {[%clk 0:04:39]}  Ra8 {[%clk 0:04:23]} 20. h4 {[%clk 0:04:26]}  a5 {[%clk 0:04:20]} 21. Na4 {[%clk 0:04:19]}  Qe7 {[%clk 0:04:20]} 22. Qf2 {[%clk 0:04:16]}  Qf6 {[%clk 0:03:58]} 23. Qg3 {[%clk 0:04:08]}  Rb8 {[%clk 0:03:46]} 24. Nb2 {[%clk 0:03:38]}  Qf7 {[%clk 0:03:43]} 25. Ka1 {[%clk 0:03:22]}  Rf6 {[%clk 0:03:38]} 26. Rhf1 {[%clk 0:03:15]}  c5 {[%clk 0:03:23]} 27. Qe1 {[%clk 0:02:41]}  Ra8 {[%clk 0:03:23]} 28. Qe3 {[%clk 0:02:23]}  Bd7 {[%clk 0:03:08]} 29. a4 {[%clk 0:02:15]}  Be6 {[%clk 0:03:09]} 30. c4 {[%clk 0:02:15]}  Rg6 {[%clk 0:02:50]} 31. Rf2 {[%clk 0:02:09]}  Qe7 {[%clk 0:02:35]} 32. Rh1 {[%clk 0:02:07]}  Rf6 {[%clk 0:02:33]} 33. Ka2 {[%clk 0:01:41]}  Rf4 {[%clk 0:02:25]} 34. g3 {[%clk 0:01:42]}  Rf6 {[%clk 0:02:21]} 35. f4 {[%clk 0:01:38]}  exf4 {[%clk 0:02:20]} 36. gxf4 {[%clk 0:01:40]}  Bg4 {[%clk 0:02:18]} 37. Re1 {[%clk 0:01:21]}  Re8 {[%clk 0:02:09]} 38. e5 {[%clk 0:01:11]}  Rff8 {[%clk 0:02:09]} 39. Qg3 {[%clk 0:01:01]}  Qf7 {[%clk 0:02:07]} 40. Ref1 {[%clk 0:00:50]}  Qf5 {[%clk 0:02:00]} 41. Qe3 {[%clk 0:00:43]}  Rf7 {[%clk 0:01:31]} 42. Nd3 {[%clk 0:00:40]}  Rd7 {[%clk 0:01:21]} 43. Ka3 {[%clk 0:00:32]}  Rb8 {[%clk 0:01:20]} 44. Nb2 {[%clk 0:00:16]}  Rdd8 {[%clk 0:01:14]} 45. Qc3 {[%clk 0:00:16]}  Rb4 {[%clk 0:01:14]} 46. Nd3 {[%clk 0:00:15]}  Rdb8 {[%clk 0:01:13]} 47. Nc1 {[%clk 0:00:16]}  d5 {[%clk 0:00:56]} 48. cxd5 {[%clk 0:00:15]}  c4 {[%clk 0:00:57]} 49. Rb2 {[%clk 0:00:08]}  Qe4 {[%clk 0:00:46]} 50. Re1 {[%clk 0:00:03]}  Qxd5 {[%clk 0:00:42]} 51. Na2 {[%clk 0:00:02]}  Rxb3+ {[%clk 0:00:40]} 0-1


[Site "Internet"]

[Event "Chessable Masters - Torneo preliminare"]
[White "Ibarra Jerez, Jose Carlos"]
[Black "Iskusnyh, Sergei"]
[WhiteFideId "2226332"]
[BlackFideId "4120027"]
[WhiteElo "2546"]
[BlackElo "2345"]
[Result "1-0"]
[Round "1"]
[TimeControl "600+2"]
[Date "2023.03.13"]
[WhiteClock "0:01:19"]
[BlackClock "0:00:35"]

1. e4 {[%clk 0:10:00]}  e6 {[%clk 0:09:28]} 2. d4 {[%clk 0:09:59]}  d5 {[%clk 0:09:25]} 3. Nc3 {[%clk 0:09:58]}  Nf6 {[%clk 0:09:24]} 4. Bg5 {[%clk 0:09:57]}  dxe4 {[%clk 0:09:24]} 5. Nxe4 {[%clk 0:09:57]}  Nbd7 {[%clk 0:09:23]} 6. Nf3 {[%clk 0:09:54]}  h6 {[%clk 0:09:21]} 7. Nxf6+ {[%clk 0:09:51]}  Nxf6 {[%clk 0:09:17]} 8. Be3 {[%clk 0:09:52]}  Bd6 {[%clk 0:09:00]} 9. Bd3 {[%clk 0:09:44]}  b6 {[%clk 0:08:10]} 10. Ne5 {[%clk 0:09:33]}  O-O {[%clk 0:07:28]} 11. Qf3 {[%clk 0:09:23]}  Nd5 {[%clk 0:07:26]} 12. O-O-O {[%clk 0:07:14]}  c5 {[%clk 0:06:57]} 13. c4 {[%clk 0:05:49]}  cxd4 {[%clk 0:06:03]} 14. Bxd4 {[%clk 0:05:39]}  Bxe5 {[%clk 0:06:00]} 15. Bxe5 {[%clk 0:04:39]}  Qg5+ {[%clk 0:05:59]} 16. Kb1 {[%clk 0:04:41]}  Qxe5 {[%clk 0:06:00]} 17. cxd5 {[%clk 0:04:29]}  exd5 {[%clk 0:05:47]} 18. Rhe1 {[%clk 0:04:29]}  Qg5 {[%clk 0:05:18]} 19. h4 {[%clk 0:04:22]}  Qxh4 {[%clk 0:05:16]} 20. Qxd5 {[%clk 0:04:20]}  Rb8 {[%clk 0:03:44]} 21. Bc2 {[%clk 0:03:08]}  Qf6 {[%clk 0:03:12]} 22. Qe4 {[%clk 0:02:43]}  g6 {[%clk 0:03:09]} 23. Qe7 {[%clk 0:02:34]}  Kg7 {[%clk 0:02:49]} 24. Rd6 {[%clk 0:02:28]}  Qxe7 {[%clk 0:02:39]} 25. Rxe7 {[%clk 0:02:30]}  Rb7 {[%clk 0:02:36]} 26. Rxg6+ {[%clk 0:02:29]}  Kh8 {[%clk 0:02:34]} 27. Rxh6+ {[%clk 0:02:30]}  Kg7 {[%clk 0:02:34]} 28. Rg6+ {[%clk 0:02:26]}  Kh8 {[%clk 0:02:34]} 29. Rxb7 {[%clk 0:02:09]}  Bxb7 {[%clk 0:02:34]} 30. Rg3 {[%clk 0:02:05]}  Re8 {[%clk 0:02:32]} 31. Bd3 {[%clk 0:02:00]}  Bd5 {[%clk 0:02:19]} 32. a3 {[%clk 0:01:53]}  Bb3 {[%clk 0:02:06]} 33. Kc1 {[%clk 0:01:52]}  a5 {[%clk 0:01:45]} 34. Bb5 {[%clk 0:01:44]}  Rc8+ {[%clk 0:01:34]} 35. Rc3 {[%clk 0:01:44]}  Rxc3+ {[%clk 0:01:35]} 36. bxc3 {[%clk 0:01:46]}  Kg7 {[%clk 0:01:36]} 37. Kd2 {[%clk 0:01:47]}  Kf6 {[%clk 0:01:37]} 38. Ke3 {[%clk 0:01:48]}  Ke5 {[%clk 0:01:36]} 39. g4 {[%clk 0:01:40]}  Kd5 {[%clk 0:01:27]} 40. g5 {[%clk 0:01:35]}  Kc5 {[%clk 0:00:38]} 41. Bd3 {[%clk 0:01:33]}  Kd5 {[%clk 0:00:39]} 42. f4 {[%clk 0:01:33]}  Ba2 {[%clk 0:00:37]} 43. Bh7 {[%clk 0:01:26]}  Kc4 {[%clk 0:00:35]} 44. Bg8 {[%clk 0:01:25]}  Kxc3 {[%clk 0:00:32]} 45. g6 {[%clk 0:01:14]}  fxg6 {[%clk 0:00:32]} 46. Bxa2 {[%clk 0:01:16]}  Kb2 {[%clk 0:00:33]} 47. Bf7 {[%clk 0:01:17]}  Kxa3 {[%clk 0:00:35]} 48. Bxg6 {[%clk 0:01:19]}  b5 {[%clk 0:00:35]} 49. f5 {[%clk 0:01:19]} 1-0


[Site "Internet"]

[Event "Chessable Masters - Torneo preliminare"]
[White "Girya, Olga"]
[Black "Van Foreest, Jorden"]
[WhiteFideId "4195752"]
[BlackFideId "1039784"]
[WhiteElo "2327"]
[BlackElo "2682"]
[Result "0-1"]
[Round "1"]
[TimeControl "600+2"]
[Date "2023.03.13"]
[WhiteClock "0:00:02"]
[BlackClock "0:00:21"]

1. d4 {[%clk 0:09:58]}  Nf6 {[%clk 0:09:53]} 2. Nf3 {[%clk 0:09:57]}  d5 {[%clk 0:09:49]} 3. c4 {[%clk 0:09:57]}  c6 {[%clk 0:09:47]} 4. Qb3 {[%clk 0:09:56]}  dxc4 {[%clk 0:09:42]} 5. Qxc4 {[%clk 0:09:57]}  Bf5 {[%clk 0:09:40]} 6. g3 {[%clk 0:09:56]}  e6 {[%clk 0:09:40]} 7. Bg2 {[%clk 0:09:57]}  Be7 {[%clk 0:09:39]} 8. O-O {[%clk 0:09:57]}  O-O {[%clk 0:09:39]} 9. Nbd2 {[%clk 0:09:46]}  h6 {[%clk 0:09:36]} 10. Qb3 {[%clk 0:09:35]}  Qb6 {[%clk 0:09:25]} 11. Nc4 {[%clk 0:09:32]}  Qa6 {[%clk 0:09:20]} 12. Bf4 {[%clk 0:09:25]}  Be4 {[%clk 0:09:01]} 13. Nd6 {[%clk 0:08:00]}  Bxd6 {[%clk 0:08:59]} 14. Bxd6 {[%clk 0:08:00]}  Re8 {[%clk 0:08:54]} 15. Rfe1 {[%clk 0:07:45]}  Nbd7 {[%clk 0:08:52]} 16. Bf1 {[%clk 0:07:28]}  Qb6 {[%clk 0:08:48]} 17. Qxb6 {[%clk 0:07:07]}  axb6 {[%clk 0:08:47]} 18. Nd2 {[%clk 0:07:08]}  Bg6 {[%clk 0:07:43]} 19. e4 {[%clk 0:06:56]}  b5 {[%clk 0:07:36]} 20. f3 {[%clk 0:06:35]}  Red8 {[%clk 0:07:25]} 21. Be7 {[%clk 0:05:36]}  Rdc8 {[%clk 0:07:25]} 22. Nb3 {[%clk 0:05:09]}  Ne8 {[%clk 0:07:25]} 23. d5 {[%clk 0:04:11]}  exd5 {[%clk 0:06:58]} 24. exd5 {[%clk 0:04:12]}  Nc7 {[%clk 0:06:57]} 25. dxc6 {[%clk 0:03:49]}  bxc6 {[%clk 0:06:56]} 26. a3 {[%clk 0:03:29]}  Nd5 {[%clk 0:06:23]} 27. Bd6 {[%clk 0:03:29]}  N7b6 {[%clk 0:06:21]} 28. Rac1 {[%clk 0:03:16]}  Na4 {[%clk 0:05:51]} 29. Be5 {[%clk 0:03:16]}  f6 {[%clk 0:05:51]} 30. Bd4 {[%clk 0:03:16]}  Bf7 {[%clk 0:05:48]} 31. Nc5 {[%clk 0:03:12]}  Ndb6 {[%clk 0:04:57]} 32. Nxa4 {[%clk 0:01:09]}  Nxa4 {[%clk 0:04:59]} 33. Re7 {[%clk 0:01:06]}  Bd5 {[%clk 0:04:37]} 34. Re3 {[%clk 0:00:56]}  c5 {[%clk 0:04:31]} 35. Bc3 {[%clk 0:00:46]}  Rab8 {[%clk 0:04:13]} 36. Rd1 {[%clk 0:00:39]}  Bc6 {[%clk 0:03:50]} 37. Bh3 {[%clk 0:00:37]}  Re8 {[%clk 0:03:49]} 38. Rde1 {[%clk 0:00:34]}  Rxe3 {[%clk 0:03:46]} 39. Rxe3 {[%clk 0:00:36]}  Rd8 {[%clk 0:03:43]} 40. b3 {[%clk 0:00:31]}  Rd1+ {[%clk 0:00:38]} 41. Kf2 {[%clk 0:00:31]}  Nxc3 {[%clk 0:00:39]} 42. Rxc3 {[%clk 0:00:32]}  Rd2+ {[%clk 0:00:41]} 43. Ke3 {[%clk 0:00:26]}  Rxh2 {[%clk 0:00:40]} 44. Be6+ {[%clk 0:00:26]}  Kf8 {[%clk 0:00:41]} 45. Rxc5 {[%clk 0:00:28]}  Be8 {[%clk 0:00:42]} 46. Rc8 {[%clk 0:00:13]}  Ke7 {[%clk 0:00:43]} 47. Bd5 {[%clk 0:00:09]}  Ra2 {[%clk 0:00:40]} 48. Ra8 {[%clk 0:00:09]}  Bd7 {[%clk 0:00:29]} 49. Kd4 {[%clk 0:00:07]}  h5 {[%clk 0:00:21]} 50. Ra7 {[%clk 0:00:07]}  Rc2 {[%clk 0:00:19]} 51. Be4 {[%clk 0:00:04]}  Rc1 {[%clk 0:00:19]} 52. Bf5 {[%clk 0:00:05]}  Rd1+ {[%clk 0:00:18]} 53. Kc5 {[%clk 0:00:06]}  g5 {[%clk 0:00:19]} 54. a4 {[%clk 0:00:06]}  bxa4 {[%clk 0:00:19]} 55. bxa4 {[%clk 0:00:07]}  Kd8 {[%clk 0:00:17]} 56. Bxd7 {[%clk 0:00:07]}  Rxd7 {[%clk 0:00:19]} 57. Rxd7+ {[%clk 0:00:07]}  Kxd7 {[%clk 0:00:21]} 58. a5 {[%clk 0:00:08]}  h4 {[%clk 0:00:18]} 59. gxh4 {[%clk 0:00:08]}  gxh4 {[%clk 0:00:20]} 60. a6 {[%clk 0:00:02]}  Kc7 {[%clk 0:00:20]} 61. Kd4 {[%clk 0:00:02]}  h3 {[%clk 0:00:21]} 0-1


[Site "Internet"]